3 Villes, 1 Pays - Statistiques

Statistiques générales
  • Ce quiz a été pris 215 fois
    154 depuis la dernière actualisation
  • Le résultat moyen est 8 sur 20
Statistiques - réponses
Les 3 villes sont ... Le pays est ... % Correct
Valladolid, Guadalajara, Yaiza Espagne
81%
Mont-Dore, Challans, Carnac France
74%
Tosno, Iakoutsk, Bratsk Russie
68%
Spokane, Pittsburgh, Champaign États-Unis
65%
Indore, Nagpur, Faizabad Inde
61%
Norråker, Örebro, Täby Suède
57%
Trujillo, Contamana, Cuzco Pérou
56%
Garoua, Douala, Banyo Cameroun
45%
Iaşi, Făgăraș, Pașcani Roumanie
38%
Tokchon, Kusong, Chongjin Corée du Nord
31%
Erbil, Hilla, Nassiriya Irak
31%
Lusail, Abu Sidrah, Al Zubara Qatar
30%
Puerto Montt, Talca, Copiapó Chili
27%
Santa Clara, Marial, Holguín Cuba
23%
Zeravchan, Gijduvan, Samarcande Ouzbékistan
21%
Makokou, Oyem, Port-Gentil Gabon
20%
Misrata, Ubari, Zaltan Libye
14%
Toamasina, Marovoay, Ambilobe Madagascar
11%
Freeport, Staniard Creek, Marsh Harbour Bahamas
7%
Bosasso, Kismaayo, Merka Somalie
6%
Aucun quiz correspondant
Distribution des résultats
% des personnes avec chaque résultat
Percentile par nombre de réponses
Votre historique - résultats
Vous n’avez pas pris ce quiz depuis la dernière actualisation